The art of scientific writing: from student reports to professional (Record no. 4882)

000 -LEADER
fixed length control field 00301 a2200109 4500
020 ## - INTERNATIONAL STANDARD BOOK NUMBER
International Standard Book Number 3527298290
040 ## - CATALOGING SOURCE
Original cataloging agency DLC
Language of cataloging DLC
082 ## - DEWEY DECIMAL CLASSIFICATION NUMBER
Classification number 808.06654
245 04 - TITLE STATEMENT
Title The art of scientific writing: from student reports to professional
Statement of responsibility, etc. Ebel, Hans F.
260 ## - PUBLICATION, DISTRIBUTION, ETC.
Name of publisher, distributor, etc. John Wiley
Date of publication, distribution, etc. 2001.
942 ## - ADDED ENTRY ELEMENTS (KOHA)
Koha item type Book
Call number prefix 808.06654 EBE
Source of classification or shelving scheme
Holdings
Withdrawn status Lost status Damaged status Not for loan Collection code Permanent Location Current Location Shelving location Date acquired Source of acquisition Cost, normal purchase price Total Checkouts Full call number Barcode Date last seen Date last checked out Price effective from Koha item type
          Central Library (CL) Central Library (CL) General Stacks 05/05/2005 Allied Book Company 2865.78 1 808.06654 EBE SEECS005645 07/01/2019 06/18/2019 01/05/2017 Book
© 2023 Central Library, National University of Sciences and Technology. All Rights Reserved.